|
|
|
|
| LEADER |
00000cam a2200000 a 4500 |
| 001 |
vtls001444239 |
| 003 |
SK-MaSNL |
| 005 |
20260301171046.0 |
| 008 |
251031s1994 gw a br 0000j wen |
| 015 |
|
|
|a SNBZSA2002-00411
|
| 020 |
|
|
|a 3742015596
|
| 035 |
|
|
|a SNK000399464
|
| 040 |
|
|
|a SNK
|b slo
|c SNK
|e AACR2
|
| 041 |
1 |
|
|a wen
|h slo
|
| 044 |
|
|
|a gw
|c DE
|a xo
|c SK
|
| 080 |
|
|
|a 885.4-3(087.5)=871
|2 1981
|
| 100 |
1 |
|
|a Hevier, Daniel,
|d 1955-
|4 aut
|9 103400
|
| 240 |
1 |
0 |
|a Nám sa ešte nechce spať
|l Srbsky
|
| 245 |
1 |
0 |
|a Nam so hišće njecha spać
|b hajckibajki
|c Daniel Hevier ; [zeserbščił: Gerat Hendrich]
|
| 260 |
|
|
|a Budyšin
|b Domowina
|a Bratislava
|b Buvik
|c 1994
|
| 300 |
|
|
|a 61 s.
|b fareb. ilustr.
|c 18 cm
|
| 500 |
|
|
|a Ilustrácie Ľuba Končeková-Veselá
|
| 655 |
|
7 |
|a slovenské rozprávky
|2 SNKPH
|9 70528
|
| 655 |
|
7 |
|a autorské rozprávky
|2 SNKPH
|9 70727
|
| 700 |
1 |
|
|a Končeková-Veselá, Ľuba,
|d 1942-
|4 ill
|9 219100
|
| 700 |
1 |
|
|a Hendrich, Gerat,
|d 1932-
|4 trl
|9 359901
|
| 710 |
2 |
|
|a Buvik (vydavateľstvo)
|4 pbl
|9 57595
|
| 919 |
|
|
|a 3-7420-1559-6
|
| 958 |
|
|
|a ZS
|
| 958 |
|
|
|a TL
|
| 958 |
|
|
|a UP
|
| 958 |
|
|
|a DE
|
| 958 |
|
|
|a DB
|
| 958 |
|
|
|a LX
|
| 958 |
|
|
|a AUL
|
| 999 |
|
|
|c 829608
|d 831538
|
| 952 |
|
|
|t P60, <03>, [BOOK], {603}
|a SNK
|b SNK
|y PREZ
|7 0
|p 17A0367269
|o snkSD 72583
|i snkV 1489/2002
|0 0
|1 0
|4 0
|d 2002-12-18
|l 0
|r 2005-01-02 00:00:00
|w 2026-02-24
|